000 00374nam a2200157Ia 4500
008 221030s9999 xx 000 0 und d
020 _a0070495483
041 _aEnglish
082 _a105.23
_bTit
100 _aEd. Tittel
245 0 _aSchaum`s Computer Networking
_cby Ed. Tittel
260 _bTMH
_aNew Delhi
_c2005
300 _a318
650 _aComputers
942 _cBK
999 _c2028
_d2028